000 00586nam a2200241Ia 4500
003 0100
008 130227s9999 xx 000 0 und d
020 _a9966218165
040 _cARRUPELIB
050 _aHN780.Z9M265 2002
245 _aMarginalized Africa
245 _bAn international perspective
260 _aNairobi
260 _bPaulines Publications Africa
260 _C2002
300 _a200p
300 _b 21cm
650 _bChristian ethics
650 _cSociology, christian
650 _dSocial ethics
700 _aKanyandago, Peter (ed)
942 _2lcc
_06
999 _c665
_d665